Quizzes
Events
Quiz Creation
Community
Videos
Private Events
Remove Ads
Sign In
Join for FREE
Feedback
Dark Mode
Quiz Categories
Sports
Geography
Music
Movies
Television
Just For Fun
Miscellaneous
History
Literature
Language
Science
Gaming
Entertainment
Religion
Holiday
For Kids
Quiz Lab
Recent
Popular Today
Quiz Kudos Today
Editor Picks
Curator Picks
Quizzes by...
Day
Popularity
Type
Ratings
Length
Year
Community
Subscriptions
Recent Discussions
Orange Saloon
Badges
Playlists
Quests
Create
Leaderboards
Showdown
Live 5
Trivia Bingo
Activity
Puzzle Library
Sporcle Events
Private Events
Virtual Trivia
Globe League
Become a Host
Pub Owners
SporcleCon
Opinionation
Our Games
Videos
Blog
Mobile Apps
Partnerships
Remove Ads and Go Orange
Feedback
Geography
Country
Landmarks
City
State
Population
World
Capital
Continent
Flags
Europe
Africa
Asia
South America
North America
Oceania
Border
Canada
United Kingdom
Topography
United States
Geography
Country
Landmarks
City
State
Population
World
Capital
Continent
Flags
Europe
Africa
Asia
South America
North America
Oceania
Border
Canada
United Kingdom
Topography
United States
Random Quiz
Search Sporcle
×
Quiz Lab
Quiz Lab
Geography
sheffield
Type in answers that appear in a list
Type in answers that appear in a list
Classic
Best Score? Go Orange.
List the tram stops in Sheffield Stats
Can you name the List the tram stops in Sheffield?
By
oi96
10m
48 Questions
95 Plays
95 Plays
95 Plays
Comments
Comments
Give Quiz Kudos
Give Quiz Kudos
-
- Ratings
hide this ad
Replay
Link that replays current quiz
Next Quiz
Link to next quiz in quiz playlist
You Got
0%
They Got
Avg Score
45%
Avg Friend Score
Upgrade to see
Score Distribution
Jump to the score distribution portion of the page
Score
0/48
Timer
10:00
0
Plays Today
% Correct
Meadowhall Interchange
86.3%
Hillsborough Interchange
83.2%
Cathedral
78.9%
West Street
74.7%
Halfway
74.7%
Middlewood
71.6%
Fitzalan Square/Ponds Forge
64.2%
Sheffield Station/Sheffield Hallam University
64.2%
Malin Bridge
63.2%
Leppings Lane
62.1%
University of Sheffield
60%
Meadowhall South/Tinsley
60%
City Hall
58.9%
Crystal Peaks
57.9%
Arena/Don Valley Stadium
56.8%
Hillsborough Park
53.7%
Shalesmoor
52.6%
Netherthorpe
52.6%
Castle Square
52.6%
Herdings/Leighton Road
50.5%
Carbrook
47.4%
Attercliffe
47.4%
Nunnery Square
45.3%
Valley Centertainment
44.2%
% Correct
Gleadless Townend
44.2%
Cricket Inn Road
43.2%
Manor Top/Elm Tree
43.2%
Infirmary Road
42.1%
Granville Road/The Sheffield College
41.1%
Donetsk Way
40%
Langsett/Primrose View
38.9%
Hyde Park
37.9%
Herdings Park
34.7%
White Lane
33.7%
Bamforth Street
32.6%
Hackenthorpe
30.5%
Beighton/Drake House Lane
27.4%
Moss Way
23.2%
Westfield
23.2%
Woodbourn Road
21.1%
Park Grange
21.1%
Hollinsend
20%
Birley Moor Road
20%
Spring Lane
18.9%
Waterthorpe
18.9%
Birley Lane
17.9%
Park Grange Croft
16.8%
Arbourthorne Road
10.5%
Quiz Playlist
Details
Report
Send in Message
Add To Playlist
Classic:
Type in answers that appear in a list
Last Updated: Feb 16, 2017
Quiz Scoreboard
CHALLENGE
Sign Up to Join the Scoreboard
Show All
Scores
Hide
Comments
May contain spoilers
Recently Published
College Basketball Coaching Resumes
by pancakes188
Sports
9m
Billboard Blitz: Fleetwood Mac
by CooCooCachoo
Music
15s
Presidents Visiting Landmarks
by Hejman
History
7m
More to Explore
Quiz From the Vault
Featured Blog Post
Where Did the Easter Bunny Come From?
hide this ad
You Might Also Like...
Tags
sheffield
stop
tram
Today's Top Quizzes in Geography
Browse Geography
hide this ad
Top Contributed Quizzes in Geography
1
Countries of the World - No Outlines Minefield
2
Top 25 Cities of France on a map
3
Any capital of a 'B' country per Continent
4
Any capital of a 'C' country per Continent
5
Closest Countries to UK A-Z
6
Any capital of a 'D' country per Continent
7
5-to-1: US Geography No Hints
8
Any capital of an 'E' country per Continent
9
Click the Alabama Counties! (Map)
10
One Thing in Common: United Kingdom
Explore More
Trending Topics
Harry Potter
Crossword
Disney
Kpop
Anime
Marvel
NBA
Puzzle
WWE
Song
The Office
Pokémon
Country
Soccer
NFL
hide this ad
More By:
oi96
Quiz
Plays
Rating
Category
Featured
Created
Capitals of Central Asia
5,002
2.50
Geography
Dec 19, 2012
Railway stations in Cornwall
1,789
4.55
Geography
Mar 10, 2012
Railway Stations in Essex
1,302
4.40
Geography
Feb 19, 2012
Railway stations in Surrey
752
5.00
Geography
Feb 5, 2013
Stations on the East Coast Main Line (UK)
737
4.75
Geography
Feb 17, 2012
Go to Creator's Profile
Score Distribution
Quiz Creator Spotlight
oi96
Follow
Send a Message
Quizzes Created
-
Created Quiz Play Count
-
More By This Creator
Popular Quizzes Today
1
Find the US States - No Outlines Minefield
2
Find the Countries of Europe - No Outlines Minefield
3
The Countries of the World
4
Find the US States
5
Risky Map Clicking: Biggest States A-Z
6
US States
7
Popular People in 1961
8
Movies - When Are They Set?
More Geography Quizzes
World Landmarks by Numbers
Published
Trending Quizzes
Risky Map Clicking: Least Populous States A-Z
1-10 Letter G Words
1-10 Letter F Words
Risky Map Clicking: Next State Alphabetically
Risky Map Clicking: Biggest States A-Z
Recently Updated
Leaping Animals
pecheneg
Reality TV Shows (A-Z)
bhenderson79
Rickey Henderson's Hall of Fame Teammates
pecheneg
Champions League XIs: Arsenal
pecheneg
Quick Pick: Celebrities in WWE's Hall of Fame
aduchscher
A-Z Keypad Blitz II
pecheneg
Multiple Oscar Actors
pecheneg
Mystery Phrase Blitz: Oscar 'Best Actors'
pecheneg
F. Scott Fitzgerald Novels
LTH
Pick 3 Villains
ddd62291
Trending Topics
Harry Potter
NBA
Anime
Disney
Kpop
Marvel
Crossword
Song
Puzzle
NFL
Country
Soccer
WWE
The Office
Pokémon
Your Account Isn't Verified!
In order to create a playlist on Sporcle, you need to verify the email address you used during registration. Go to your
Sporcle Settings
to finish the process.
Report this User
Report this user for behavior that violates our
Community Guidelines
.
Details:
Send Report
Go to the Sporcle.com Mobile Site →
Comments